[Event "FRA-ch Open A-D 2018"]
[Site "Nimes"]
[Date "2018.08.22"]
[Round "5"]
[White "Lebret, Loriane"]
[Black "Greget, Mathias"]
[Result "0-1"]
[WhiteElo "1696"]
[BlackElo "1577"]
[Annotator "NA"]
[PlyCount "90"]
[EventDate "2018.08.18"]
[EventType "tourn"]
[EventCountry "FRA"]
[SourceTitle "playchess.com"]
[Source "ChessBase"]
[SourceQuality "1"]
[TimeControl "40/5400+30:1800+30"]

1. e4 {[%emt 0:00:00]} e6 {[%emt 0:00:00]} 2. d4 {[%emt 0:00:00]} d5 {[%emt 0:00:00]} 3. Bd3 {[%emt 0:01:15]} dxe4 {[%emt 0:00:55]} 4. Bxe4 {[%emt 0:00:06]} Nf6 {[%emt 0:00:07]} 5. Bf3 {[%emt 0:00:04]} c5 {[%emt 0:00:50]} 6. Ne2 {[%emt 0:01:55]} Nc6 {[%emt 0:02:22]} 7. c3 {[%emt 0:14:09]} Be7 {[%emt 0:04:09]} 8. O-O {[%emt 0:00:58]} O-O {[%emt 0:00:31]} 9. dxc5 {[%emt 0:01:32]} Ne5 {[%emt 0:02:58]} 10. Nd4 {[%emt 0:05:26]} Nxf3+ {[%emt 0:00:38]} 11. Qxf3 {[%emt 0:00:13]} Bxc5 {[%emt 0:04:29]} 12. Rd1 {[%emt 0:02:22]} Qd5 {[%emt 0:04:37]} 13. Qxd5 {[%emt 0:10:37]} Nxd5 {[%emt 0:00:21]} 14. Nb3 {[%emt 0:02:21]} Be7 {[%emt 0:08:13]} 15. N1d2 {[%emt 0:03:11]} b6 {[%emt 0:06:47]} 16. Nf3 {[%emt 0:02:48]} Rd8 {[%emt 0:04:01]} 17. c4 {[%emt 0:07:04]} Nb4 {[%emt 0:01:32]} 18. Rxd8+ {[%emt 0:01:38]} Bxd8 {[%emt 0:00:06]} 19. Bf4 {[%emt 0:03:26]} Ba6 {[%emt 0:02:05]} 20. c5 {[%emt 0:08:31]} Bc4 {[%emt 0:07:44]} 21. Bd6 {[%emt 0:14:26]} Bxb3 {[%emt 0:07:42]} 22. axb3 {[%emt 0:00:11]} Nd5 {[%emt 0:00:12]} 23. b4 {[%emt 0:02:25]} a5 {[%emt 0:10:54]} 24. c6 {[%emt 0:03:38]} Rc8 {[%emt 0:01:45]} 25. b5 {[%emt 0:02:27]} Bc7 {[%emt 0:02:33]} 26. Bxc7 {[%emt 0:02:15]} Nxc7 {[%emt 0:01:53]} 27. Nd4 {[%emt 0:06:06]} Rd8 {[%emt 0:01:16]} 28. Nf3 {[%emt 0:00:44]} Nxb5 {[%emt 0:00:28]} 29. Rc1 {[%emt 0:01:11]} f6 {[%emt 0:01:01]} 30. Kf1 {[%emt 0:00:14]} e5 {[%emt 0:01:01]} 31. Ke2 {[%emt 0:00:21]} Kf7 {[%emt 0:00:33]} 32. Nd2 {[%emt 0:00:27]} Rc8 {[%emt 0:01:10]} 33. Kd3 {[%emt 0:01:49]} Nd4 {[%emt 0:00:41]} 34. c7 {[%emt 0:01:15]} Ne6 {[%emt 0:00:25]} 35. Rc6 {[%emt 0:01:15]} b5 {[%emt 0:03:13]} 36. Ne4 {[%emt 0:00:48]} Rxc7 {[%emt 0:00:40]} 37. Rb6 {[%emt 0:00:27]} Nc5+ {[%emt 0:00:51]} 38. Ke3 {[%emt 0:00:41]} Nxe4 {[%emt 0:00:42]} 39. Kxe4 {[%emt 0:00:01]} Rc2 {[%emt 0:01:15]} 40. Rb7+ {[%emt 0:00:43]} Kg6 {[%emt 0:00:08]} 41. f4 {[%emt 0:04:26]} exf4 {[%emt 0:00:28]} 42. Rxb5 {[%emt 0:00:40]} Rxg2 {[%emt 0:00:37]} 43. h3 {[%emt 0:01:26]} Rh2 {[%emt 0:01:32]} 44. Kxf4 {[%emt 0:00:34]} Rxh3 {[%emt 0:00:08]} 45. Rxa5 {[%emt 0:00:10]} Rb3 {[%emt 0:00:07]} 0-1

[Event "FRA-ch Open A-D 2018"]
[Site "Nimes"]
[Date "2018.08.22"]
[Round "5"]
[White "Cregut, Marian"]
[Black "Malassagne, Jerome"]
[Result "1-0"]
[WhiteElo "1638"]
[BlackElo "1721"]
[Annotator "NA"]
[PlyCount "103"]
[EventDate "2018.08.18"]
[EventType "tourn"]
[EventCountry "FRA"]
[SourceTitle "playchess.com"]
[Source "ChessBase"]
[SourceQuality "1"]
[TimeControl "40/5400+30:1800+30"]

1. e4 {[%emt 0:00:00]} c6 {[%emt 0:00:00]} 2. d4 {[%emt 0:00:00]} d5 {[%emt 0:00:00]} 3. exd5 {[%emt 0:00:05]} cxd5 {[%emt 0:00:00]} 4. Bd3 {[%emt 0:00:25]} Nf6 {[%emt 0:01:39]} 5. c3 {[%emt 0:01:21]} Bg4 {[%emt 0:03:17]} 6. Qb3 {[%emt 0:04:24]} Qc8 {[%emt 0:04:19]} 7. Bf4 {[%emt 0:04:30]} Nbd7 {[%emt 0:02:56]} 8. h3 {[%emt 0:03:45]} Bh5 {[%emt 0:00:24]} 9. Nd2 {[%emt 0:01:13]} e6 {[%emt 0:06:05]} 10. Ngf3 {[%emt 0:01:46]} Bxf3 {[%emt 0:10:16]} 11. Nxf3 {[%emt 0:00:58]} Be7 {[%emt 0:04:18]} 12. O-O {[%emt 0:02:51]} O-O {[%emt 0:01:35]} 13. Rfe1 {[%emt 0:02:09]} Nb6 {[%emt 0:13:21]} 14. Rad1 {[%emt 0:05:31]} Nc4 {[%emt 0:07:33]} 15. Bb1 {[%emt 0:13:49]} Nd6 {[%emt 0:12:56]} 16. Ne5 {[%emt 0:05:49]} Rd8 {[%emt 0:07:53]} 17. Qc2 {[%emt 0:02:57]} g6 {[%emt 0:04:45]} 18. f3 {[%emt 0:07:26]} Nh5 {[%emt 0:04:14]} 19. Bh2 {[%emt 0:09:28]} Bh4 {[%emt 0:02:33]} 20. g4 {[%emt 0:06:07]} Ng7 {[%emt 0:02:10]} 21. Re2 {[%emt 0:01:23]} b5 {[%emt 0:02:17]} 22. Qd2 {[%emt 0:03:00]} Be7 {[%emt 0:00:17]} 23. Qf4 {[%emt 0:03:42]} Rf8 {[%emt 0:01:13]} 24. Rg2 {[%emt 0:01:33]} a5 {[%emt 0:01:29]} 25. Bg3 {[%emt 0:01:31]} Ra6 {[%emt 0:01:04]} 26. h4 {[%emt 0:00:49]} Qd8 {[%emt 0:00:21]} 27. Qh6 {[%emt 0:00:57]} Rb6 {[%emt 0:02:36]} 28. Bf4 {[%emt 0:02:02]} b4 {[%emt 0:01:09]} 29. h5 {[%emt 0:00:36]} Nc4 {[%emt 0:02:13]} 30. hxg6 {[%emt 0:00:34]} fxg6 31. Nxg6 {[%emt 0:02:19]} e5 {[%emt 0:01:53]} 32. Nxe7+ {[%emt 0:01:21]} Qxe7 {[%emt 0:00:11]} 33. Qxh7+ {[%emt 0:00:46]} Kf7 {[%emt 0:00:09]} 34. Bh6 {[%emt 0:01:17]} Rg8 {[%emt 0:00:26]} 35. Bxg7 {[%emt 0:01:47]} Rxg7 {[%emt 0:00:04]} 36. Qf5+ {[%emt 0:01:04]} Qf6 {[%emt 0:00:54]} 37. Qd7+ {[%emt 0:02:30]} Kf8 {[%emt 0:00:09]} 38. Qxd5 {[%emt 0:01:02]} Ne3 {[%emt 0:00:27]} 39. Qa8+ {[%emt 0:00:20]} Kf7 {[%emt 0:00:38]} 40. dxe5 {[%emt 0:00:19]} Qe7 {[%emt 0:00:36]} 41. Rd8 {[%emt 0:32:06]} Nxg2 {[%emt 0:07:44]} 42. Bf5 {[%emt 0:00:00]} Rb7 {[%emt 0:11:42]} 43. Kxg2 {[%emt 0:00:00]} bxc3 {[%emt 0:01:21]} 44. Rf8+ {[%emt 0:00:00]} Qxf8 {[%emt 0:00:06]} 45. Qxb7+ {[%emt 0:00:00]} Kg8 {[%emt 0:00:56]} 46. Qb3+ {[%emt 0:00:00]} Kh8 {[%emt 0:00:23]} 47. Kf1 {[%emt 0:00:00]} Rc7 {[%emt 0:05:57]} 48. bxc3 {[%emt 0:00:00]} Qc5 {[%emt 0:01:13]} 49. Qe6 {[%emt 0:00:00]} Qxc3 {[%emt 0:03:53]} 50. Qh6+ {[%emt 0:00:00]} Kg8 {[%emt 0:00:23]} 51. Be6+ {[%emt 0:00:00]} Rf7 {[%emt 0:00:37]} 52. Qg6+ {[%emt 0:00:00]} 1-0

[Event "FRA-ch Open A-D 2018"]
[Site "Nimes"]
[Date "2018.08.22"]
[Round "5"]
[White "Davidou, Delphine"]
[Black "Plumat, Thibaud"]
[Result "1-0"]
[WhiteElo "1446"]
[BlackElo "1400"]
[Annotator "NA"]
[PlyCount "76"]
[EventDate "2018.08.18"]
[EventType "tourn"]
[EventCountry "FRA"]
[SourceTitle "playchess.com"]
[Source "ChessBase"]
[SourceQuality "1"]
[TimeControl "40/5400+30:1800+30"]

1. e4 {[%emt 0:00:00]} e5 {[%emt 0:04:34]} 2. Nf3 {[%emt 0:00:00]} Nf6 {[%emt 0:00:04]} 3. Nxe5 {[%emt 0:00:03]} d6 {[%emt 0:00:01]} 4. Nf3 {[%emt 0:00:40]} Nxe4 {[%emt 0:00:04]} 5. Nc3 {[%emt 0:01:20]} Nf6 {[%emt 0:00:39]} 6. d4 {[%emt 0:01:23]} d5 {[%emt 0:00:43]} 7. Bg5 {[%emt 0:01:55]} Be7 {[%emt 0:00:04]} 8. Be2 {[%emt 0:01:28]} O-O {[%emt 0:00:04]} 9. O-O {[%emt 0:01:03]} h6 {[%emt 0:01:03]} 10. Bh4 {[%emt 0:01:13]} Bf5 {[%emt 0:00:09]} 11. Re1 {[%emt 0:01:49]} c6 {[%emt 0:01:53]} 12. Bd3 {[%emt 0:03:46]} Bxd3 {[%emt 0:02:56]} 13. Qxd3 {[%emt 0:00:14]} Bb4 {[%emt 0:01:17]} 14. a3 {[%emt 0:03:48]} Ba5 {[%emt 0:00:02]} 15. b4 {[%emt 0:03:06]} Bc7 {[%emt 0:00:02]} 16. Re2 {[%emt 0:04:15]} Nbd7 {[%emt 0:00:24]} 17. Rae1 {[%emt 0:00:26]} Bd6 {[%emt 0:00:03]} 18. Ne5 {[%emt 0:03:12]} Qc7 {[%emt 0:00:23]} 19. Bg3 {[%emt 0:04:09]} Nb6 {[%emt 0:04:07]} 20. b5 {[%emt 0:05:31]} Nh5 {[%emt 0:02:17]} 21. bxc6 {[%emt 0:09:56]} bxc6 {[%emt 0:00:02]} 22. Re3 {[%emt 0:05:30]} Nxg3 {[%emt 0:00:02]} 23. Rxg3 {[%emt 0:00:22]} Rfe8 {[%emt 0:00:34]} 24. Rge3 {[%emt 0:04:01]} f6 {[%emt 0:02:07]} 25. Ng4 {[%emt 0:02:11]} Nc4 {[%emt 0:02:26]} 26. Rxe8+ {[%emt 0:07:44]} Rxe8 {[%emt 0:00:01]} 27. Rxe8+ {[%emt 0:00:12]} Kf7 {[%emt 0:00:16]} 28. Re1 {[%emt 0:04:53]} h5 {[%emt 0:03:35]} 29. Nh6+ gxh6 {[%emt 0:04:19]} 30. Qh7+ {[%emt 0:08:54]} Kf8 {[%emt 0:00:02]} 31. Qxh6+ {[%emt 0:00:30]} Qg7 {[%emt 0:00:47]} 32. Qxh5 {[%emt 0:07:16]} Be7 {[%emt 0:00:01]} 33. Re6 {[%emt 0:03:27]} Nd6 {[%emt 0:01:07]} 34. Na4 {[%emt 0:02:04]} Qf7 {[%emt 0:00:29]} 35. Qh8+ {[%emt 0:02:32]} Qg8 {[%emt 0:00:50]} 36. Qxg8+ {[%emt 0:00:17]} Kxg8 {[%emt 0:00:01]} 37. Rxe7 {[%emt 0:00:09]} a5 {[%emt 0:00:01]} 38. Re6 {[%emt 0:01:16]} Kf7 1-0

[Event "FRA-ch Open A-D 2018"]
[Site "Nimes"]
[Date "2018.08.22"]
[Round "5"]
[White "Leccia, Thomas"]
[Black "Sithisak, Remi"]
[Result "0-1"]
[WhiteElo "1408"]
[BlackElo "1360"]
[Annotator "NA"]
[PlyCount "84"]
[EventDate "2018.08.18"]
[EventType "tourn"]
[EventCountry "FRA"]
[SourceTitle "playchess.com"]
[Source "ChessBase"]
[SourceQuality "1"]
[TimeControl "40/5400+30:1800+30"]

1. e4 {[%emt 0:00:00]} c5 {[%emt 0:00:00]} 2. Nf3 {[%emt 0:00:00]} d6 {[%emt 0:00:09]} 3. d4 {[%emt 0:00:12]} cxd4 {[%emt 0:00:18]} 4. Nxd4 {[%emt 0:00:24]} Nf6 {[%emt 0:00:20]} 5. Nc3 {[%emt 0:00:16]} a6 {[%emt 0:00:39]} 6. Bc4 {[%emt 0:00:48]} e6 {[%emt 0:00:59]} 7. Bb3 {[%emt 0:00:47]} Be7 {[%emt 0:01:54]} 8. O-O {[%emt 0:03:08]} b5 {[%emt 0:01:56]} 9. a3 {[%emt 0:02:32]} O-O {[%emt 0:02:54]} 10. Be3 {[%emt 0:04:37]} Bd7 {[%emt 0:06:29]} 11. f4 {[%emt 0:13:39]} Qc7 {[%emt 0:03:15]} 12. h3 {[%emt 0:04:44]} Nc6 {[%emt 0:05:39]} 13. Nf3 {[%emt 0:01:14]} e5 {[%emt 0:13:42]} 14. Nd5 {[%emt 0:05:48]} Nxd5 {[%emt 0:04:41]} 15. exd5 {[%emt 0:00:37]} Na5 {[%emt 0:01:47]} 16. Ba2 {[%emt 0:05:06]} Rac8 {[%emt 0:08:10]} 17. Qd2 {[%emt 0:06:42]} Nc4 {[%emt 0:09:48]} 18. Bxc4 {[%emt 0:01:07]} Qxc4 {[%emt 0:00:17]} 19. c3 {[%emt 0:01:17]} e4 {[%emt 0:03:12]} 20. Ne1 {[%emt 0:02:39]} f5 {[%emt 0:05:00]} 21. Rb1 {[%emt 0:04:28]} Bf6 {[%emt 0:08:26]} 22. Nc2 {[%emt 0:01:34]} a5 {[%emt 0:02:21]} 23. Bb6 {[%emt 0:02:28]} Bd8 {[%emt 0:05:53]} 24. Bxd8 {[%emt 0:01:07]} Rfxd8 {[%emt 0:00:09]} 25. Ne3 {[%emt 0:00:39]} Qc5 {[%emt 0:01:43]} 26. Rfe1 {[%emt 0:02:54]} g5 {[%emt 0:05:58]} 27. Qf2 {[%emt 0:01:15]} h6 {[%emt 0:01:38]} 28. fxg5 {[%emt 0:00:34]} hxg5 {[%emt 0:00:06]} 29. Qg3 {[%emt 0:00:08]} Kf7 {[%emt 0:02:23]} 30. Qxg5 {[%emt 0:00:32]} Rh8 {[%emt 0:01:15]} 31. Kh2 {[%emt 0:03:56]} Rcg8 {[%emt 0:01:56]} 32. Qf4 {[%emt 0:00:39]} Rh5 {[%emt 0:00:55]} 33. Rf1 {[%emt 0:12:04]} Ke8 {[%emt 0:01:58]} 34. Qf2 {[%emt 0:07:38]} Rgh8 {[%emt 0:00:24]} 35. Qg3 {[%emt 0:01:02]} f4 {[%emt 0:00:36]} 36. Qxf4 {[%emt 0:01:36]} Bxh3 {[%emt 0:00:11]} 37. Qxe4+ {[%emt 0:01:22]} Kd8 {[%emt 0:00:53]} 38. Rf8+ {[%emt 0:04:59]} Rxf8 39. gxh3 {[%emt 0:00:00]} Rf2+ {[%emt 0:00:39]} 40. Kg3 {[%emt 0:00:00]} Re2 {[%emt 0:00:43]} 41. Kf3 {[%emt 0:29:30]} Rxe3+ {[%emt 0:30:03]} 42. Qxe3 {[%emt 0:00:19]} Rxh3+ {[%emt 0:00:23] Qe4 Qe3+ Kxe3} 0-1

[Event "FRA-ch Open A-D 2018"]
[Site "Nimes"]
[Date "2018.08.22"]
[Round "5"]
[White "Thoreux-Josso, Aaron"]
[Black "Jugeau, Frederic"]
[Result "0-1"]
[WhiteElo "1399"]
[BlackElo "1409"]
[Annotator "NA"]
[PlyCount "59"]
[EventDate "2018.08.18"]
[EventType "tourn"]
[EventCountry "FRA"]
[SourceTitle "playchess.com"]
[Source "ChessBase"]
[SourceQuality "1"]
[TimeControl "40/5400+30:1800+30"]

1. e4 {[%emt 0:00:00]} d5 {[%emt 0:02:12]} 2. exd5 {[%emt 0:00:00]} Qxd5 {[%emt 0:00:09]} 3. Nc3 {[%emt 0:00:04]} Qa5 {[%emt 0:00:11]} 4. d4 {[%emt 0:00:40]} Nf6 {[%emt 0:00:15]} 5. Bd2 {[%emt 0:01:12]} c6 {[%emt 0:00:17]} 6. h3 {[%emt 0:01:37]} Bf5 {[%emt 0:00:58]} 7. Nf3 {[%emt 0:00:23]} Nbd7 {[%emt 0:02:53]} 8. Bc4 {[%emt 0:01:55]} e6 {[%emt 0:02:34]} 9. O-O {[%emt 0:02:16]} Qc7 {[%emt 0:02:55]} 10. Re1 {[%emt 0:01:55]} Be7 {[%emt 0:16:51]} 11. Ne2 {[%emt 0:05:13]} Bd6 {[%emt 0:10:48]} 12. Qc1 {[%emt 0:05:08]} h6 {[%emt 0:03:11]} 13. Bf4 {[%emt 0:03:56]} g5 {[%emt 0:06:39]} 14. Bxd6 {[%emt 0:01:41]} Qxd6 {[%emt 0:00:15]} 15. Ng3 {[%emt 0:02:08]} O-O-O {[%emt 0:06:17]} 16. c3 {[%emt 0:04:02]} g4 {[%emt 0:05:00]} 17. hxg4 {[%emt 0:01:31]} Bxg4 {[%emt 0:01:49]} 18. Ne5 {[%emt 0:03:52]} Qf8 {[%emt 0:07:06]} 19. Qc2 {[%emt 0:03:28]} Nxe5 {[%emt 0:07:51]} 20. Rxe5 {[%emt 0:04:10]} Nd5 {[%emt 0:03:59]} 21. b4 {[%emt 0:07:52]} f6 {[%emt 0:02:43]} 22. Re4 {[%emt 0:02:53]} Qg7 {[%emt 0:02:07]} 23. b5 {[%emt 0:02:30]} Rhg8 {[%emt 0:02:59]} 24. bxc6 {[%emt 0:01:41]} Bf5 {[%emt 0:01:33]} 25. cxb7+ {[%emt 0:01:06]} Kb8 {[%emt 0:01:19]} 26. Rb1 {[%emt 0:05:25]} h5 {[%emt 0:02:18]} 27. Qe2 {[%emt 0:01:31]} h4 {[%emt 0:01:02]} 28. Rxh4 {[%emt 0:00:23]} Bxb1 {[%emt 0:00:51]} 29. Qxe6 {[%emt 0:01:02]} Rge8 {[%emt 0:01:18]} 30. Qf5 {[%emt 0:00:54]} 0-1

[Event "FRA-ch Open A-D 2018"]
[Site "Nimes"]
[Date "2018.08.22"]
[Round "5"]
[White "Grimault, Leane"]
[Black "Panneullier, Franck"]
[Result "1/2-1/2"]
[WhiteElo "1376"]
[BlackElo "1476"]
[Annotator "NA"]
[PlyCount "99"]
[EventDate "2018.08.18"]
[EventType "tourn"]
[EventCountry "FRA"]
[SourceTitle "playchess.com"]
[Source "ChessBase"]
[SourceQuality "1"]
[TimeControl "40/5400+30:1800+30"]

1. c4 {[%emt 0:00:00]} c6 {[%emt 0:00:22]} 2. g3 {[%emt 0:01:25]} Nf6 {[%emt 0:00:53]} 3. Bg2 {[%emt 0:01:12]} e5 {[%emt 0:02:31]} 4. Nc3 {[%emt 0:03:35]} Bb4 {[%emt 0:02:59]} 5. d3 {[%emt 0:01:53]} Bxc3+ {[%emt 0:02:32]} 6. bxc3 {[%emt 0:00:57]} d6 {[%emt 0:02:27]} 7. Nf3 {[%emt 0:03:09]} Nbd7 {[%emt 0:01:49]} 8. O-O {[%emt 0:02:44]} O-O {[%emt 0:02:39]} 9. h3 {[%emt 0:05:38]} Re8 {[%emt 0:04:26]} 10. Bb2 {[%emt 0:10:35]} Qc7 {[%emt 0:06:57]} 11. Qc2 {[%emt 0:06:01]} Rb8 {[%emt 0:05:53]} 12. Nd2 {[%emt 0:05:35]} a6 {[%emt 0:06:54]} 13. a4 Nf8 {[%emt 0:04:45]} 14. d4 {[%emt 0:07:29]} exd4 {[%emt 0:03:46]} 15. cxd4 {[%emt 0:04:50]} Rxe2 {[%emt 0:00:00]} 16. Qc3 Qe7 17. d5 {[%emt 0:04:30]} Qe5 {[%emt 0:19:21]} 18. Qd3 {[%emt 0:04:50]} Bf5 {[%emt 0:03:48]} 19. Qf3 {[%emt 0:07:24]} Qxb2 {[%emt 0:02:25]} 20. Qxe2 {[%emt 0:00:38]} Re8 {[%emt 0:01:03]} 21. Qd1 {[%emt 0:01:12]} Qd4 {[%emt 0:04:17]} 22. Re1 {[%emt 0:02:28]} Rxe1+ {[%emt 0:05:09]} 23. Qxe1 {[%emt 0:00:47]} c5 {[%emt 0:00:40]} 24. Rc1 {[%emt 0:01:29]} N8d7 {[%emt 0:03:32]} 25. Nf3 {[%emt 0:01:24]} Qe4 {[%emt 0:02:25]} 26. Qxe4 {[%emt 0:00:55]} Bxe4 {[%emt 0:00:19]} 27. Nd2 {[%emt 0:00:21]} Bg6 {[%emt 0:00:47]} 28. Nb3 {[%emt 0:01:16]} Ne5 {[%emt 0:01:52]} 29. Na5 {[%emt 0:01:25]} Nd3 {[%emt 0:01:44]} 30. Rc3 {[%emt 0:00:50]} b6 {[%emt 0:02:09]} 31. Nc6 {[%emt 0:00:39]} Kf8 {[%emt 0:00:40]} 32. Bf1 {[%emt 0:05:10]} Nxf2 {[%emt 0:01:31]} 33. Rb3 {[%emt 0:01:07]} N2e4 {[%emt 0:01:38]} 34. g4 {[%emt 0:04:49]} Nd7 {[%emt 0:00:48]} 35. Rb2 {[%emt 0:02:04]} a5 {[%emt 0:00:42]} 36. Ra2 {[%emt 0:02:56]} f6 {[%emt 0:01:12]} 37. Na7 {[%emt 0:01:06]} Nc3 {[%emt 0:01:14]} 38. Ra1 {[%emt 0:01:15]} Ne4 {[%emt 0:01:01]} 39. Nc8 {[%emt 0:00:18]} Ke8 {[%emt 0:00:22]} 40. Bd3 {[%emt 0:01:41]} Kd8 {[%emt 0:00:08]} 41. Bxe4 {[%emt 0:30:24]} Kxc8 {[%emt 0:30:11]} 42. Bxg6 {[%emt 0:00:24]} hxg6 {[%emt 0:00:00]} 43. Rc1 {[%emt 0:00:00]} Ne5 {[%emt 0:00:00]} 44. Kg2 {[%emt 0:00:00]} Kc7 {[%emt 0:00:00]} 45. Kg3 {[%emt 0:00:00]} Kd7 {[%emt 0:00:00]} 46. Rc3 {[%emt 0:00:00]} Kc7 {[%emt 0:00:00]} 47. Kf4 {[%emt 0:00:00]} Kd7 {[%emt 0:00:00]} 48. Kg3 {[%emt 0:00:00]} Ke7 {[%emt 0:00:00]} 49. Kf4 {[%emt 0:00:00]} Kd7 {[%emt 0:00:00]} 50. Kg3 {[%emt 0:00:00]} 1/2-1/2

[Event "FRA-ch Open A-D 2018"]
[Site "Nimes"]
[Date "2018.08.23"]
[Round "6"]
[White "Daurelle, Herve"]
[Black "Llapasset, Jean Louis"]
[Result "0-1"]
[WhiteElo "2181"]
[BlackElo "2086"]
[Annotator "TA"]
[PlyCount "92"]
[EventDate "2018.08.18"]
[EventType "tourn"]
[EventCountry "FRA"]
[SourceTitle "playchess.com"]
[Source "ChessBase"]
[SourceQuality "1"]

{[%evp 21,92,14,8,8,4,3,4,5,6,15,144,152,257,223,323,279,337,350,512,512,493,463,904,666,810,225,239,134,129,123,124,122,149,148,111,-140,-139,-249,-245,-452,-258,-237,-230,-365,-29,-28,21,-17,-15,-503,-450,-460,-394,-331,-333,-306,-307,-721,-600,-819,-804,-29981,-734,-1378,-1521,-5941,-5406,-29977,-29978,-29998,-29999,-29999,-320]} 1. e4 c5 2. Nf3 d6 3. d4 cxd4 4. Nxd4 Nf6 5. Nc3 a6 6. Bg5 Nbd7 7. f4 e5 {B94: Sizilianisch (Najdorf-Variante mit 6.Lg5)} (7... Qc7 8. Qf3 b5 9. O-O-O Bb7 10. g4 g6 11. Bxf6 Nxf6 12. g5 Nd7 13. Nd5 Bxd5 14. exd5 Bg7 15. Nc6 Nb8 {½-½ (40) Fier,A (2570)-Banikas,H (2591) Rio Achaea 2018}) 8. fxe5 dxe5 9. Nf5 Qb6 10. Qd2 Qxb2 11. Rb1 Qa3 {LiveBook: 6 Partien} 12. Bc4 Qa5 13. O-O ({Ein No Go ist} 13. Rd1 h6 $17) 13... Qc5+ 14. Ne3 h6 15. Bh4 Qc6 $146 (15... b5 $11 {hält das Gleichgewicht.} 16. Bb3 Qd4 17. Qxd4 exd4) ({Vorgänger:} 15... b5 16. Bb3 Qxe3+ 17. Qxe3 {½-½ (57) Hernandez Gonzalez,W (2402)-Forgas Moreno,Y (2188) Santa Clara 2015}) 16. Kh1 $16 {[%mdl 1024] Weiss hat starke Kompensation.} Bc5 (16... b5 $16) 17. Nf5 $18 Bf8 (17... Kf8 $142 18. Bd5 Qc7) 18. Bd5 Qc7 19. Bb3 Qc6 (19... g5 {war einen Versuch wert.}) 20. Nd5 g5 21. Be1 Nxe4 (21... a5 $142 22. Ba4 (22. Nxf6+ Nxf6 23. Nd4 exd4 $16) 22... Qxa4) 22. Qe2 Ndc5 23. Nb4 $2 (23. Ba5) 23... Qg6 {[#]} 24. Nh4 $1 {[%mdl 512]} gxh4 $16 25. Bxf7+ Qxf7 26. Rxf7 Kxf7 27. Qh5+ Kg7 {[#]} 28. Qxe5+ $2 {[%mdl 8192]} (28. Nd3 $1 $16 {[%cal Rd3e5] ist erzwungen, um die Oberhand zu behalten.} Kg8 29. Nxc5 Nxc5 30. Bb4) 28... Kh7 $17 29. Bc3 {[#]} (29. Nd5 $17 {ist wohl besser.}) 29... Rg8 $1 $19 30. Rf1 $2 (30. Bd4 h3 31. Nd5) 30... Bg7 (30... Be6 $142 31. Qc7+ Bg7) 31. Rf7 {[%cal Rf7g7]} Nxc3 32. Qxc3 (32. Qxc5 {ist der einzige Weg für Weiss..} Ne4 33. Qe3) 32... h3 $2 (32... b6 $19 {Und weiter mit ...Le6 wäre nett.} 33. Nd3 Be6) 33. Qxc5 $11 hxg2+ 34. Kg1 {Und De3 würde nun gewinnen.} Be6 $1 {[%cal Re6f7]} 35. Rxg7+ $4 {[%mdl 8192]} (35. Re7 $1 $11 {und Weiss muss sich keine Sorgen machen.} Rad8 36. Kxg2) 35... Rxg7 $19 36. Nd3 Rc8 37. Qe5 {De4+ ist eine echte Drohung.} Re8 38. Qe4+ Kg8 39. Qh4 $2 (39. Qe3) 39... Bxa2 40. Qxh6 Bc4 41. Qh4 b5 (41... Bxd3 $142 42. Qb4 Bh7 43. Qc4+ Kh8 44. Qb4 Rd8 45. Qe1 Rf8 46. h4 Bxc2 47. Qe2 Rf1+ 48. Qxf1 gxf1=R+ 49. Kxf1 Re7 50. Kg2 a5 51. Kg3 a4 52. Kg4 a3 53. Kh3 a2 54. Kg2 Rg7+ 55. Kf2 a1=Q 56. h5 Qd4+ 57. Kf1 Rg1+ 58. Ke2 Bd1#) 42. Nf4 Rf8 {zielt auf ...a5 ab.} 43. h3 a5 {[%cal Ba6a5,Ba5a4][%mdl 32]} 44. Qh6 a4 {Schwarz setzt Matt.} 45. Ne2 Rf1+ 46. Kh2 Ra1 $2 {Precision: Weiß = 40%, Schwarz = 44%.} (46... Rh1# {setzt Matt}) 0-1

[Event "FRA-ch Open A-D 2018"]
[Site "Nimes"]
[Date "2018.08.23"]
[Round "6"]
[White "El Mchaouri Mas, Younes"]
[Black "Pham, Arthur"]
[Result "0-1"]
[WhiteElo "2120"]
[BlackElo "2107"]
[Annotator "TA"]
[PlyCount "76"]
[EventDate "2018.08.18"]
[EventType "tourn"]
[EventCountry "FRA"]
[SourceTitle "playchess.com"]
[Source "ChessBase"]
[SourceQuality "1"]

{[%evp 15,76,10,14,7,24,28,29,27,36,14,16,22,44,35,45,52,45,50,80,31,86,82,156,68,120,91,109,81,68,17,45,-6,-4,-13,-9,-25,0,0,0,-51,-47,-39,-44,-56,-28,-45,-12,-29,0,-55,15,-437,-472,-404,-393,-1147,-1141,-1130,-1109,-1137,-1107,-4590,-2031]} 1. Nf3 Nf6 2. d4 c5 3. c3 e6 4. Bg5 d5 5. e3 h6 6. Bh4 {D03: Damenbauernspiele} a6 (6... Nc6 7. Nbd2 a6 8. Bd3 Be7 9. O-O Nd7 10. Bxe7 Nxe7 11. Ne5 cxd4 12. exd4 Nxe5 13. dxe5 Bd7 14. Re1 Rc8 15. Nf3 {1-0 (33) Carlsen,M (2827)-Xiong,J (2633) Douglas 2017}) 7. Nbd2 Be7 8. Bd3 Nbd7 {LiveBook: 4 Partien} 9. O-O b6 10. Ne5 Nxe5 11. dxe5 Nd7 12. Bxe7 Qxe7 13. f4 Bb7 14. Qe2 $146 ({Vorgänger:} 14. Nf3 f5 15. exf6 Qxf6 {1-0 (25) Kosic,D (2500)-Zichichi,A (2285) Celle Ligure 1995}) 14... O-O 15. Rad1 f6 16. exf6 Nxf6 17. e4 d4 (17... c4 $14 18. Bc2 dxe4) 18. cxd4 $16 cxd4 {[#]} (18... b5 $142) 19. Nf3 (19. Nc4 $1 $16) 19... Rad8 ({Lieber} 19... b5 $14) 20. Ne5 {Sg6 ist eine echte Drohung.} Qe8 21. Rc1 Rc8 22. b3 (22. Rce1 $14) 22... b5 23. g3 ({Besser ist} 23. Rxc8 $14 Qxc8 24. a4) 23... Rc3 $11 24. Rxc3 dxc3 25. b4 Nd7 {Weiss sollte ...Sxe5 verhindern.} 26. Nf3 e5 27. f5 (27. fxe5 $11 Nxe5 28. Nxe5 Rxf1+ 29. Kxf1 Qxe5 30. Qg4) 27... Qe7 28. a3 Nf6 29. Rc1 Qc7 30. h3 Rd8 31. Bc2 Kh7 32. Qe3 (32. g4 $11) 32... a5 (32... Qc4 $1 $15 33. Nxe5 Qa2) 33. Qc5 $2 {[%mdl 8192] [#]} (33. g4 $1 $11 {und Weiss ist OK.}) 33... Qxc5+ $19 34. bxc5 Bxe4 35. Nxe5 $2 (35. Ne1) 35... Bxc2 {Schwarz steht klar auf Gewinn.} 36. Rxc2 b4 37. axb4 axb4 38. Kf2 b3 {Precision: Weiß = 26%, Schwarz = 38%.} (38... Ne4+ $142 39. Ke3 b3 40. Rxc3 Nxc3) 0-1